| 000 | 00455nam a22001937a 4500 | ||
|---|---|---|---|
| 003 | OSt | ||
| 005 | 20180116183056.0 | ||
| 008 | 161021b xxu||||| |||| 00| 0 eng d | ||
| 020 | _a0261102214 | ||
| 040 | _c0 | ||
| 082 | _a823.912 TOL 1999 | ||
| 100 | _aTolkien,J.R.R. | ||
| 245 |
_aThe Hobbit _cJ.R.R.Tolkien |
||
| 260 |
_aGreat Britain _bHarperCollins _c1999 |
||
| 300 |
_a310 P. _bPB. |
||
| 440 | _aThe Hobbit | ||
| 500 | _aPB | ||
| 942 |
_2ddc _cBK |
||
| 999 |
_c351839 _d351839 |
||